000 00608nam a22002177a 4500
003 UA-OsUOA
001 79157
007 ta
008 20111103b un ||||| |||| 00| 0 ukr d
100 _aЄщенко Т.А.
090 _a101
_bЕ99
942 _cSA
040 _aUA-OsUOA
_bukr
_cUA-OsUOA
_dUA-OsUOA
245 _aКонцепт "сумління/совість" в етнокогнітивному та біблійному аспектах
300 _aС.156-162
955 _a0
041 _aukr
080 _a101
773 0 _w79129
650 7 _a1 Філософські науки
_2UDC
999 _c365477
_d365477